[Event "Guwahati Sakatam op 1st"]
[Site "Guwahati"]
[Date "2024.03.28"]
[Round "10"]
[White "Adhiraj, Mitra"]
[Black "Mishra, Neeraj Kumar"]
[Result "1/2-1/2"]
[WhiteElo "1840"]
[BlackElo "2150"]
[PlyCount "109"]
[EventDate "2024.03.23"]
[EventType "swiss"]
[EventRounds "10"]
[EventCountry "IND"]
[SourceTitle "CB15_2024"]
[SourceDate "2024.04.10"]
[SourceVersion "1"]
[SourceVersionDate "2024.04.10"]
[SourceQuality "1"]

1. e4 c5 2. Nf3 e6 3. d4 cxd4 4. Nxd4 Nc6 5. Nb5 d6 6. Bf4 e5 7. Be3 a6 8. N5c3 Be6 9. Be2 Nf6 10. Bf3 Rc8 11. a4 Be7 12. 0-0 0-0 13. Kh1 Nb4 14. Qc1 d5 15. exd5 Nfxd5 16. Bxd5 Nxd5 17. Rd1 Qa5 18. Nxd5 Bxd5 19. Qd2 Qxd2 20. Rxd2 Bc6 21. Nc3 Rfd8 22. Rad1 Rxd2 23. Rxd2 f6 24. f3 Kf7 25. Kg1 Ke6 26. Kf2 Bb4 27. Rd3 Be8 28. Bb6 Bxc3 29. Rxc3 Rxc3 30. bxc3 Bxa4 31. Ke2 Bxc2 32. c4 Kd7 33. Bc5 b5 34. cxb5 axb5 35. Kd2 Bb1 36. Bf8 g6 37. Ke3 Ke6 38. f4 exf4+ 39. Kxf4 Kd5 40. Bg7 Ke6 41. Bf8 g5+ 42. Ke3 Ke5 43. Be7 h5 44. g3 h4 45. Bb4 hxg3 46. hxg3 f5 47. Bc3+ Kd5 48. Bf6 g4 49. Be7 Kc4 50. Bd6 Kc3 51. Be5+ Kc2 52. Bd6 Ba2 53. Kd4 f4 54. gxf4 g3 55. Ke3 1/2-1/2

[Event "SCO op"]
[Site "Qingdao"]
[Date "2019.09.27"]
[Round "9"]
[White "Waqar, Ahmad Madni"]
[Black "Mishra, Neeraj Kumar"]
[Result "1/2-1/2"]
[WhiteElo "1979"]
[BlackElo "2247"]
[PlyCount "186"]
[EventDate "2019.09.19"]
[EventType "swiss"]
[EventRounds "9"]
[EventCountry "CHN"]
[SourceTitle "EXT 2020"]
[Source "ChessBase"]
[SourceDate "2019.10.17"]
[SourceVersion "1"]
[SourceVersionDate "2019.10.17"]
[SourceQuality "1"]

1. e4 c5 2. Nf3 e6 3. d4 cxd4 4. Nxd4 Nc6 5. Nc3 Qc7 6. Be3 a6 7. Qd2 Nf6 8. 0-0-0 Bb4 9. f3 d5 10. a3 Ba5 11. Nb3 0-0 12. Nxa5 Nxa5 13. exd5 Nxd5 14. Kb1 Nxe3 15. Qxe3 b5 16. Be2 Bb7 17. Rd2 Rab8 18. Rhd1 Qxh2 19. Ne4 Qe5 20. Qc5 Bd5 21. Qc3 Qxc3 22. Nxc3 Bc4 23. b3 Bxe2 24. Nxe2 Nc6 25. Nd4 Ne7 26. Kb2 Rfc8 27. f4 h5 28. g3 Nd5 29. Re1 g6 30. Nxe6 fxe6 31. Rxe6 Kf7 32. Rxa6 Rd8 33. a4 bxa4 34. Rxa4 Nb6 35. Ra7+ Kf6 36. Rxd8 Rxd8 37. c4 Kf5 38. Kc3 Re8 39. Ra5+ Kf6 40. Kd4 Rd8+ 41. Ke4 Nd7 42. b4 Nf8 43. Rd5 Re8+ 44. Kd3 Ra8 45. c5 Ra3+ 46. Kc4 Rxg3 47. b5 Rg1 48. c6 Rc1+ 49. Kb4 h4 50. Rc5 Rxc5 51. Kxc5 Ne6+ 52. Kd6 h3 53. b6 h2 54. c7 h1Q 55. c8Q Qd1+ 56. Kc6 Qc2+ 57. Kb7 Qxc8+ 58. Kxc8 Nc5 59. Kc7 Ke6 60. Kc6 Nb3 61. Kb5 Kd6 62. b7 Nd4+ 63. Kb6 Nc6 64. Kb5 Nb8 65. Kb6 Nd7+ 66. Kb5 Kd5 67. Kb4 Nc5 68. b8N Nd3+ 69. Kc3 Nxf4 70. Nd7 Ke4 71. Kd2 g5 72. Ke1 Kf3 73. Ne5+ Kg2 74. Ng4 Ng6 75. Nf6 Kf3 76. Kf1 Ne5 77. Kg1 Nd3 78. Kh2 Kf4 79. Nh5+ Kg4 80. Ng7 Kf3 81. Ne6 g4 82. Nd4+ Kf2 83. Nf5 Ne5 84. Kh1 Nf3 85. Ng3 Nd2 86. Kh2 Kf3 87. Nf5 Kf2 88. Ng3 Nf3+ 89. Kh1 Ng5 90. Kh2 Kf3 91. Nf5 Ne6 92. Ng3 Nd4 93. Nf1 Nf5 1/2-1/2

[Event "Puchong Friday IM 1st"]
[Site "Puchong"]
[Date "2017.10.10"]
[Round "7"]
[White "Mishra, Neeraj Kumar"]
[Black "Nay, Oo Kyaw Tun"]
[Result "1/2-1/2"]
[WhiteElo "2301"]
[BlackElo "2344"]
[PlyCount "120"]
[EventDate "2017.10.07"]
[EventType "tourn"]
[EventRounds "9"]
[EventCountry "MAS"]
[EventCategory "2"]
[SourceTitle "CBM 181 Extra"]
[Source "ChessBase"]
[SourceDate "2017.12.12"]
[SourceVersion "1"]
[SourceVersionDate "2017.12.12"]
[SourceQuality "1"]

1. c4 c6 2. d4 d5 3. cxd5 cxd5 4. Bf4 Nc6 5. e3 Nf6 6. Nc3 a6 7. Bd3 Bg4 8. f3 Bd7 9. Nge2 e6 10. Bg3 Be7 11. Rc1 Rc8 12. 0-0 b5 13. a4 b4 14. Na2 Qb6 15. b3 0-0 16. Qd2 Na5 17. Rb1 Nh5 18. Be1 Nc6 19. g4 Nf6 20. Bg3 Ne8 21. Kh1 Nd6 22. Nec1 f6 23. Qe2 Ra8 24. Bc2 Be8 25. Nd3 Nb7 26. Nf4 Bf7 27. h4 e5 28. Qd3 g6 29. dxe5 Nxe5 30. Nxd5 Qc5 31. Nxe7+ Qxe7 32. Qe2 a5 33. Be4 Ra7 34. Rfd1 Nxg4 35. Rbc1 Ne5 36. Bd5 Bxd5 37. Rxd5 Qe6 38. e4 Nd8 39. Kg2 Ndf7 40. Rcc5 Rc8 41. Qc2 Raa8 42. Nc1 Rxc5 43. Rxc5 g5 44. Nd3 gxh4 45. Bxh4 Ng6 46. Bg3 Kg7 47. Rc6 Qe8 48. Nf4 Nxf4+ 49. Bxf4 Rd8 50. Rc7 Qe6 51. Qc4 Qxc4 52. Rxc4 Rd3 53. Rc5 Rxb3 54. Rxa5 Ra3 55. Ra7 Kg6 56. Ra6 Kg7 57. Ra7 Kg6 58. Ra6 Kg7 59. a5 b3 60. Rb6 Rxa5 1/2-1/2

[Event "Puchong Friday IM 1st"]
[Site "Puchong"]
[Date "2017.10.08"]
[Round "3"]
[White "Sivakumar, Ashvin"]
[Black "Mishra, Neeraj Kumar"]
[Result "1-0"]
[WhiteElo "2309"]
[BlackElo "2301"]
[PlyCount "107"]
[EventDate "2017.10.07"]
[EventType "tourn"]
[EventRounds "9"]
[EventCountry "MAS"]
[EventCategory "2"]
[SourceTitle "CBM 181 Extra"]
[Source "ChessBase"]
[SourceDate "2017.12.12"]
[SourceVersion "1"]
[SourceVersionDate "2017.12.12"]
[SourceQuality "1"]

1. d4 Nf6 2. c4 e6 3. g3 d5 4. Nf3 Be7 5. Bg2 0-0 6. 0-0 dxc4 7. Ne5 Nbd7 8. Nxc4 c5 9. Nc3 Nb6 10. Nxb6 axb6 11. d5 exd5 12. Nxd5 Nxd5 13. Bxd5 b5 14. e4 Ra6 15. Be3 Qc7 16. a4 Bd7 17. axb5 Bxb5 18. Rxa6 Bxa6 19. Re1 Qa5 20. Bd2 Qc7 21. Bc3 Qc8 22. b3 b5 23. Qa1 Rd8 24. Bxg7 Rd6 25. Be5 Rg6 26. Qd1 Bb7 27. Re3 Bxd5 28. exd5 Qd7 29. d6 Bf8 30. Qd5 c4 31. bxc4 bxc4 32. Qxc4 Bxd6 33. Qd5 Qf5 34. Qa8+ Bf8 35. Bc3 Re6 36. Rxe6 fxe6 37. Qb8 Kf7 38. Qc7+ Kg6 39. h4 Bc5 40. Qg7+ Kh5 41. Bd4 Bxd4 42. Qxd4 e5 43. Qd5 Kg4 44. Kg2 e4 45. Qd2 Qf3+ 46. Kh2 h6 47. Qd7+ Qf5 48. Qd1+ Qf3 49. Qd2 Kh5 50. Qd5+ Kg6 51. Qg8+ Kf5 52. Qf7+ Ke5 53. Qxf3 exf3 54. g4 1-0

[Event "IND-ch Challengers 54th"]
[Site "Noida"]
[Date "2016.07.13"]
[Round "7"]
[White "Narayanan, Srinath"]
[Black "Mishra, Neeraj Kumar"]
[Result "1/2-1/2"]
[WhiteElo "2477"]
[BlackElo "2328"]
[PlyCount "59"]
[EventDate "2016.07.09"]
[EventType "swiss"]
[EventRounds "13"]
[EventCountry "IND"]
[SourceTitle "CBM 173 Extra"]
[Source "ChessBase"]
[SourceDate "2016.08.29"]
[SourceVersion "1"]
[SourceVersionDate "2016.08.29"]
[SourceQuality "1"]

1. e4 c5 2. Nf3 e6 3. d4 cxd4 4. Nxd4 Nc6 5. Nc3 a6 6. Bf4 d6 7. Bg3 e5 8. Nxc6 bxc6 9. Be2 Nf6 10. Qd2 Be7 11. Rd1 Rb8 12. b3 0-0 13. 0-0 Qc7 14. Kh1 Rb4 15. f4 Bg4 16. fxe5 dxe5 17. Bxg4 Nxg4 18. Qe2 Nf6 19. Rf5 Bd6 20. Rxf6 gxf6 21. Qg4+ Kh8 22. Bh4 Be7 23. Rd7 Qc8 24. Qf5 Kg7 25. Qg4+ Kh8 26. Qh3 Bd8 27. Qf5 Kg8 28. Qg4+ Kh8 29. Qf5 Kg8 30. Qg4+ 1/2-1/2

[Event "IND-ch Challengers 54th"]
[Site "Noida"]
[Date "2016.07.11"]
[Round "4"]
[White "Mishra, Neeraj Kumar"]
[Black "Gusain, Himal"]
[Result "1/2-1/2"]
[WhiteElo "2328"]
[BlackElo "2453"]
[PlyCount "89"]
[EventDate "2016.07.09"]
[EventType "swiss"]
[EventRounds "13"]
[EventCountry "IND"]
[SourceTitle "CBM 173 Extra"]
[Source "ChessBase"]
[SourceDate "2016.08.29"]
[SourceVersion "1"]
[SourceVersionDate "2016.08.29"]
[SourceQuality "1"]

1. Nf3 d5 2. d4 Nf6 3. g3 e6 4. Bg2 b5 5. a4 b4 6. c4 bxc3 7. Nxc3 c5 8. 0-0 Nc6 9. Bf4 a6 10. Re1 Qb6 11. a5 Qa7 12. e4 dxe4 13. Nxe4 Nxe4 14. Rxe4 Bb7 15. Bc7 Be7 16. Bb6 Qb8 17. Ne5 Nxe5 18. Rxe5 Bxg2 19. Qa4+ Kf8 20. Kxg2 cxd4 21. Qxd4 Bf6 22. Qc5+ Kg8 23. Re2 g6 24. Qc6 Kg7 25. Rd1 Qc8 26. Qa4 Qb7+ 27. f3 Rhe8 28. Rd7 Qb8 29. Qe4 Re7 30. Rxe7 Bxe7 31. b4 Bf6 32. Rc2 Qe8 33. Qc6 Qf8 34. Rc4 Rb8 35. Bc5 Qd8 36. Qd6 g5 37. Rc2 Qc8 38. Rd2 Qb7 39. Qd7 Qa8 40. Be7 Rb5 41. g4 Bxe7 42. Qxe7 Rd5 43. Rc2 Qd8 44. Qxd8 Rxd8 45. Rc6 1/2-1/2

[Event "New Delhi Parsvnath op 7th"]
[Site "New Delhi"]
[Date "2009.01.16"]
[Round "7"]
[White "Kuzubov, Yuriy"]
[Black "Mishra, Neeraj Kumar"]
[Result "1-0"]
[WhiteElo "2626"]
[BlackElo "2338"]
[PlyCount "101"]
[EventDate "2009.01.11"]
[EventType "swiss"]
[EventRounds "10"]
[EventCountry "IND"]
[SourceTitle "CBM 128 Extra"]
[Source "ChessBase"]
[SourceDate "2009.03.05"]
[SourceVersion "2"]
[SourceVersionDate "2009.03.25"]
[SourceQuality "1"]

1. Nf3 Nf6 2. c4 e6 3. Nc3 c5 4. g3 Nc6 5. Bg2 Be7 6. 0-0 0-0 7. d4 d5 8. cxd5 exd5 9. dxc5 Bxc5 10. Bg5 d4 11. Bxf6 Qxf6 12. Nd5 Qd8 13. Ne1 Bg4 14. Nd3 Bd6 15. Rc1 Re8 16. Re1 Rc8 17. Qd2 h6 18. N5f4 Qd7 19. Nc5 Qc7 20. Nd5 Qb8 21. b4 Bf8 22. a3 Be6 23. Nxe6 fxe6 24. Nf4 Qd6 25. Qa2 g5 26. Nd3 b6 27. Bh3 Rcd8 28. Rc2 Ne5 29. Rec1 Re7 30. Qb3 b5 31. Nxe5 Qxe5 32. Qd3 Rg7 33. Rc6 Bd6 34. Rd1 g4 35. Bg2 Bf8 36. Rdc1 Rdd7 37. Qe4 Qxe4 38. Bxe4 Rd6 39. Bd3 Rg5 40. Rc8 Rd7 41. R1c6 e5 42. Be4 Kf7 43. Rb8 Bd6 44. Rxb5 Ke7 45. Ra5 Rg8 46. Bf5 Rb7 47. Rca6 Bb8 48. Rxh6 Rb6 49. Ra6 Rf8 50. Raxb6 axb6 51. Re6+ 1-0

[Event "IND-ch Velammal 45th"]
[Site "Chennai"]
[Date "2008.02.09"]
[Round "7"]
[White "Mishra, Neeraj Kumar"]
[Black "Sharma, R Preetham"]
[Result "1/2-1/2"]
[WhiteElo "2349"]
[BlackElo "2314"]
[PlyCount "88"]
[EventDate "2008.02.03"]
[EventType "swiss"]
[EventRounds "13"]
[EventCountry "IND"]
[SourceTitle "CBM 122 Extra"]
[Source "ChessBase"]
[SourceDate "2008.03.04"]
[SourceVersion "1"]
[SourceVersionDate "2008.03.04"]
[SourceQuality "1"]

1. d4 f5 2. c4 Nf6 3. Nf3 g6 4. g3 Bg7 5. Bg2 d6 6. 0-0 0-0 7. Nc3 Qe8 8. d5 Na6 9. Nd4 Bd7 10. Rb1 c6 11. b4 Nxb4 12. a3 Na6 13. Rxb7 Nc5 14. dxc6 Nxb7 15. cxb7 Rb8 16. Ndb5 Bc6 17. Nc7 Qd7 18. Bxc6 Qxc6 19. Ne6 Rfe8 20. Nd5 Qxc4 21. Ndc7 Rf8 22. Qd3 Qxd3 23. exd3 Rf7 24. Be3 Rxb7 25. Rc1 Rb3 26. a4 a5 27. Nxg7 Rxg7 28. Ne6 Kf7 29. Nxg7 Kxg7 30. Rc7 Nd5 31. Bd4+ Kf7 32. Ra7 Rxd3 33. Bh8 Ra3 34. Rxa5 Nb6 35. Bd4 Nxa4 36. f4 Ra2 37. h4 Ke6 38. Kf1 Kd7 39. Ke1 Kc6 40. Kf1 Kd7 41. Kg1 Kc7 42. Kf1 Kc6 43. Ke1 e6 44. Kf1 Kc7 1/2-1/2

[Event "IND-chB 45th"]
[Site "Dindigul"]
[Date "2007.06.16"]
[Round "8"]
[White "Mishra, Neeraj Kumar"]
[Black "Kiran, Manisha Mohanty"]
[Result "1-0"]
[WhiteElo "2349"]
[BlackElo "2261"]
[PlyCount "99"]
[EventDate "2007.06.11"]
[EventType "swiss"]
[EventRounds "12"]
[EventCountry "IND"]
[SourceTitle "CBM 119 Extra"]
[Source "ChessBase"]
[SourceDate "2007.09.04"]
[SourceVersion "1"]
[SourceVersionDate "2007.09.04"]
[SourceQuality "1"]

1. Nf3 Nf6 2. g3 g6 3. Bg2 Bg7 4. 0-0 0-0 5. Nc3 d5 6. d3 Nbd7 7. Bg5 c6 8. Qd2 Qc7 9. Rfe1 e5 10. e4 dxe4 11. Nxe4 Nxe4 12. Rxe4 Nc5 13. Rc4 Ne6 14. Bh6 f6 15. Bxg7 Nxg7 16. Re1 Be6 17. Rce4 Rad8 18. Qc3 Bd5 19. R4e2 Qb6 20. Nd2 a5 21. Nc4 Bxc4 22. Qxc4+ Kh8 23. c3 Nf5 24. Bh3 Nd6 25. Qh4 Rde8 26. Kh1 Qb5 27. c4 Qc5 28. b3 f5 29. Qg5 Qd4 30. Qe3 c5 31. Qxd4 exd4 32. Bg2 Rxe2 33. Rxe2 a4 34. bxa4 Ra8 35. Re6 Nf7 36. Bxb7 Rxa4 37. Bd5 Nh6 38. Re8+ Kg7 39. Ra8 Rxa8 40. Bxa8 Ng4 41. Kg2 Ne5 42. a4 Nxd3 43. a5 Nb2 44. a6 Nxc4 45. a7 Nb6 46. Bd5 d3 47. Kf3 f4 48. a8Q Nxa8 49. Bxa8 Kf6 50. Kxf4 1-0

[Event "IND-chB 45th"]
[Site "Dindigul"]
[Date "2007.06.13"]
[Round "4"]
[White "Mishra, Neeraj Kumar"]
[Black "Ramaswamy, Aarthie"]
[Result "1-0"]
[WhiteElo "2349"]
[BlackElo "2285"]
[PlyCount "89"]
[EventDate "2007.06.11"]
[EventType "swiss"]
[EventRounds "12"]
[EventCountry "IND"]
[SourceTitle "CBM 119 Extra"]
[Source "ChessBase"]
[SourceDate "2007.09.04"]
[SourceVersion "1"]
[SourceVersionDate "2007.09.04"]
[SourceQuality "1"]

1. d4 Nf6 2. Nf3 e6 3. g3 c5 4. Bg2 Nc6 5. 0-0 d5 6. c4 cxd4 7. Nxd4 Qb6 8. Nb5 dxc4 9. N1c3 Bc5 10. Nd6+ Bxd6 11. Qxd6 Nd4 12. Qf4 Nf5 13. e4 Ne7 14. Be3 Ng6 15. Qg5 h6 16. Qb5+ Qxb5 17. Nxb5 0-0 18. Nc7 Bd7 19. Nxa8 Rxa8 20. Rfc1 b5 21. a4 a6 22. axb5 Bxb5 23. f4 e5 24. Bf3 Re8 25. f5 Ne7 26. Bc5 Nd7 27. Bxe7 Rxe7 28. Be2 Nb6 29. Kf2 Rc7 30. b3 Rc6 31. bxc4 Nxc4 32. Bxc4 Rxc4 33. Rxc4 Bxc4 34. Rc1 Bb5 35. Rc8+ Kh7 36. h4 h5 37. Ke3 Bf1 38. Kd2 Bg2 39. Rc4 Kg8 40. Ke2 Kh7 41. Kf2 Bh1 42. Ra4 g6 43. fxg6+ fxg6 44. Ke3 Kg7 45. Ra2 1-0

[Event "IND-chB 45th"]
[Site "Dindigul"]
[Date "2007.06.12"]
[Round "2"]
[White "Mishra, Neeraj Kumar"]
[Black "Fenil, Shah"]
[Result "1-0"]
[WhiteElo "2349"]
[BlackElo "2165"]
[PlyCount "113"]
[EventDate "2007.06.11"]
[EventType "swiss"]
[EventRounds "12"]
[EventCountry "IND"]
[SourceTitle "CBM 119 Extra"]
[Source "ChessBase"]
[SourceDate "2007.09.04"]
[SourceVersion "1"]
[SourceVersionDate "2007.09.04"]
[SourceQuality "1"]

1. d4 d5 2. c4 e6 3. Nf3 c6 4. Qc2 f5 5. g3 Nf6 6. Bg2 Bd6 7. 0-0 0-0 8. b3 Qe7 9. Bb2 Ne4 10. Ne5 Nd7 11. e3 Ndf6 12. f3 Ng5 13. Nd2 Bd7 14. Nxd7 Qxd7 15. e4 fxe4 16. fxe4 Bc7 17. e5 Ng4 18. Qc3 c5 19. Rae1 Bb6 20. cxd5 cxd4 21. Qd3 Rxf1+ 22. Nxf1 Rf8 23. Re2 Nf7 24. Bxd4 Ngxe5 25. Qd2 Rd8 26. Bxb6 axb6 27. Qb2 Qd6 28. dxe6 Qxe6 29. Bxb7 Qf6 30. Bg2 b5 31. Qc3 Qb6+ 32. Qe3 Qb8 33. a4 Rd3 34. Qc5 bxa4 35. bxa4 Qd6 36. Qxd6 Rxd6 37. a5 Ra6 38. Bd5 Kf8 39. Ra2 Nd8 40. Ne3 Ndc6 41. Bxc6 Nxc6 42. Nc4 Ra7 43. Kf2 Ke7 44. Ke3 Ke6 45. Ke4 Ra8 46. Rd2 Ke7 47. Rd5 Ra7 48. Rb5 g6 49. Kd5 Kd7 50. g4 Ne7+ 51. Kd4 Nc6+ 52. Kc5 Kc7 53. g5 Ra8 54. h3 Ra7 55. Kd5 Ra8 56. Rc5 Kb7 57. Rxc6 1-0

[Event "Kolkata op"]
[Site "Kolkata"]
[Date "2004.11.12"]
[Round "6"]
[White "Mishra, Neeraj Kumar"]
[Black "Saheli, Nath"]
[Result "1-0"]
[WhiteElo "2354"]
[BlackElo "2130"]
[PlyCount "79"]
[EventDate "2004.11.08"]
[EventType "swiss"]
[EventRounds "11"]
[EventCountry "IND"]
[SourceTitle "CBM 103 Extra"]
[Source "ChessBase"]
[SourceDate "2005.01.01"]
[SourceVersion "1"]
[SourceVersionDate "2005.01.01"]
[SourceQuality "1"]

1. c4 e5 2. Nc3 Nf6 3. a3 Be7 4. e3 0-0 5. Qc2 a5 6. Nge2 c6 7. d4 exd4 8. Nxd4 d5 9. cxd5 cxd5 10. Bd3 Nc6 11. Ncb5 Bd7 12. Bd2 Ne5 13. Bc3 Nxd3+ 14. Qxd3 Ne4 15. Rd1 Qb6 16. 0-0 Rac8 17. a4 Bf6 18. Ra1 Rfd8 19. Rfb1 Bxb5 20. axb5 Nxc3 21. bxc3 Qc5 22. Rxa5 Qxc3 23. Qxc3 Rxc3 24. Ra7 Bxd4 25. exd4 Rb8 26. g3 g6 27. Rb4 Kg7 28. b6 Kf6 29. Kf1 Kf5 30. Ra1 Ke4 31. Re1+ Kf3 32. Rb2 Ra8 33. Rbe2 Raa3 34. h3 f5 35. Re7 Rab3 36. Kg1 f4 37. Rxb7 Rc2 38. Rf7 g5 39. gxf4 Rxf2 40. fxg5+ 1-0

[Event "Dhaka New White Plus op"]
[Site "Dhaka"]
[Date "2002.04.08"]
[Round "10"]
[White "Mishra, Neeraj Kumar"]
[Black "Sermek, Drazen"]
[Result "0-1"]
[WhiteElo "2321"]
[BlackElo "2595"]
[PlyCount "72"]
[EventDate "2002.03.30"]
[EventType "swiss"]
[EventRounds "11"]
[EventCountry "BAN"]
[SourceTitle "CBM 087 Extra"]
[Source "ChessBase"]
[SourceDate "2002.05.03"]
[SourceVersion "2"]
[SourceVersionDate "2002.08.09"]
[SourceQuality "1"]

1. Nf3 c5 2. c4 g6 3. Nc3 Bg7 4. g3 Nc6 5. Bg2 e6 6. 0-0 Nge7 7. d3 0-0 8. Rb1 d6 9. a3 b6 10. Bg5 h6 11. Bd2 Bb7 12. b4 Qd7 13. e3 Kh7 14. Na4 Rac8 15. Bc3 e5 16. Qb3 Ba8 17. Rfd1 f5 18. Ne1 f4 19. b5 f3 20. Nxf3 Na5 21. Bxa5 Bxf3 22. Bxf3 Rxf3 23. Be1 Qh3 24. Qc2 Rcf8 25. Qe2 Nf5 26. Bc3 Qg4 27. Rb2 h5 28. Kh1 h4 29. e4 hxg3 30. exf5 g2+ 31. Kg1 gxf5 32. Nxc5 dxc5 33. Bxe5 Re8 34. d4 Qh3 35. Rbd2 cxd4 36. Rd3 Bxe5 0-1

[Event "Dhaka New White Plus op"]
[Site "Dhaka"]
[Date "2002.04.02"]
[Round "4"]
[White "Mishra, Neeraj Kumar"]
[Black "Haque, Rezaul"]
[Result "1-0"]
[WhiteElo "2321"]
[BlackElo "2218"]
[PlyCount "37"]
[EventDate "2002.03.30"]
[EventType "swiss"]
[EventRounds "11"]
[EventCountry "BAN"]
[SourceTitle "CBM 087 Extra"]
[Source "ChessBase"]
[SourceDate "2002.05.03"]
[SourceVersion "2"]
[SourceVersionDate "2002.08.09"]
[SourceQuality "1"]

1. Nf3 Nf6 2. c4 d6 3. g3 Bg4 4. Bg2 c6 5. h3 Bh5 6. Nc3 e5 7. d3 Nbd7 8. Nh4 a5 9. Bg5 Nc5 10. 0-0 h6 11. Bxf6 Qxf6 12. Ne4 Nxe4 13. dxe4 g5 14. Nf5 Bg6 15. Qb3 Rb8 16. Rad1 Qd8 17. Nxd6+ Bxd6 18. c5 0-0 19. Rxd6 1-0

[Event "Dhaka New White Plus op"]
[Site "Dhaka"]
[Date "2002.03.31"]
[Round "2"]
[White "Mishra, Neeraj Kumar"]
[Black "Abu Sufian, Sakil"]
[Result "1/2-1/2"]
[WhiteElo "2321"]
[BlackElo "2219"]
[PlyCount "111"]
[EventDate "2002.03.30"]
[EventType "swiss"]
[EventRounds "11"]
[EventCountry "BAN"]
[SourceTitle "CBM 087 Extra"]
[Source "ChessBase"]
[SourceDate "2002.05.03"]
[SourceVersion "2"]
[SourceVersionDate "2002.08.09"]
[SourceQuality "1"]

1. Nf3 d5 2. g3 Nf6 3. Bg2 g6 4. 0-0 Bg7 5. d4 0-0 6. c4 c6 7. Ne5 Be6 8. Nd2 Qc8 9. Re1 Rd8 10. c5 b6 11. Nb3 Nfd7 12. Nd3 Bf5 13. Bf4 Bxd3 14. exd3 e6 15. Qd2 bxc5 16. dxc5 e5 17. Bh6 Bh8 18. f4 Na6 19. fxe5 Nxe5 20. d4 Nc4 21. Qf2 Re8 22. Rxe8+ Qxe8 23. Re1 Qd7 24. Nc1 Re8 25. Rxe8+ Qxe8 26. b3 Na3 27. Nd3 Nb5 28. Be3 Qxe3 29. Qxe3 Bxd4 30. Kf2 Bxe3+ 31. Kxe3 f6 32. a4 Nbc7 33. b4 Kf7 34. Bh3 Ke7 35. Kd4 Nb8 36. Bc8 a6 37. Nf4 Nd7 38. Nd3 Kd8 39. Bb7 Nb8 40. Nf4 g5 41. Nh5 Ne6+ 42. Kc3 Kc7 43. Ba8 f5 44. Nf6 f4 45. gxf4 gxf4 46. Nxh7 d4+ 47. Kd2 Nd7 48. h4 f3 49. Ng5 Nxg5 50. hxg5 Ne5 51. b5 axb5 52. axb5 cxb5 53. Be4 b4 54. g6 Nxg6 55. Bxg6 Kc6 56. Be4+ 1/2-1/2

[Event "IND-ch 39th"]
[Site "Nagpur"]
[Date "2002.02.01"]
[Round "16"]
[White "Mishra, Neeraj Kumar"]
[Black "Thipsay, Praveen Mahadeo"]
[Result "0-1"]
[WhiteElo "2321"]
[BlackElo "2456"]
[PlyCount "60"]
[EventDate "2002.01.16"]
[EventType "tourn"]
[EventRounds "19"]
[EventCountry "IND"]
[EventCategory "8"]
[SourceTitle "CBM 086 Extra"]
[Source "ChessBase"]
[SourceDate "2002.03.14"]
[SourceVersion "1"]
[SourceVersionDate "2002.03.14"]
[SourceQuality "1"]

1. c4 g6 2. g3 Bg7 3. Bg2 e5 4. Nc3 d6 5. Nf3 Nf6 6. d4 Nbd7 7. dxe5 dxe5 8. 0-0 0-0 9. Bg5 h6 10. Bxf6 Qxf6 11. Nd2 Nc5 12. b4 Ne6 13. Nde4 Qe7 14. Nd5 Qd8 15. Qa4 f5 16. Nec3 c6 17. Ne3 e4 18. Rad1 Qe7 19. Qb3 a5 20. a3 axb4 21. axb4 Nd4 22. Qb2 Nxe2+ 23. Qxe2 Bxc3 24. b5 Qc5 25. Kh1 Be6 26. bxc6 bxc6 27. Rc1 Bd4 28. Rfe1 Bf7 29. f3 exf3 30. Qxf3 Ra3 0-1